| 000 | 01096nam a2200241Ia 4500 | ||
|---|---|---|---|
| 999 |
_c53458 _d53458 |
||
| 001 | 20502 | ||
| 003 | GE_BSU | ||
| 005 | 20210116001237.0 | ||
| 008 | 181216s1962||||ge |||||||||||||| || || | ||
| 040 | _cGE_BSU | ||
| 041 | _ageo | ||
| 080 | _a811.353.1-84(075.3) | ||
| 100 |
_aკაკაბაძე, ვ. _9522 |
||
| 245 |
_aქართული ენა : _bსახელმძღვ. არაქართ. სკოლების მე-10 კლასისათვის / _cვ. კაკაბაძე ; რედ. ე. პოლოლიკაშვილი. |
||
| 250 | _aმე-10 გამოცემა | ||
| 264 |
_aთბილისი : _bცოდნა, _c1962. |
||
| 300 |
_a107 გვ. : _bილ. ; _c22 სმ. |
||
| 541 | _h26 თ. | ||
| 653 | _aსახელმძღვანელო არაქართული სკოლების მე-10 კლასისათვის | ||
| 653 | _aქართული ენა | ||
| 700 |
_aპოლოლიკაშვილი, ე. _eრედაქტორი _910038 |
||
| 942 |
_cBK _2udc |
||